000
00241nam a2200097Ia 4500
001
684561
005
20250826161500.0
008
250824s9999 xx 000 0 und d
245
0
_a
Zafer Yahut Hiç
_c
Mustafa Kutlu
260
_b
Dergah Yayınları
999
_c
684561
_d
684561